000 00922nam a2200277Ia 4500
003 OSt
005 20221005090806.0
006 a|||||r|||| 00| 0
007 ta
008 221004b |||||||| |||| 00| 0 eng d
020 _a9781555707330 (hbk)
_c4084.80
024 _a118880
037 _bIN4951, 28/03/2012, New India Book Agency
_cTextual
040 _aCRL
_cCRL
_beng
041 _2eng
_aeng
082 _a2;128:(X:51), Q1
100 _aJames Russell D Ed.
_9615623
245 0 _aPublic relations and marketing for archives
_b A how to do it mannual
260 _aNew York
_bNeal Schuman Pub USA
_c2011
300 _axiv,273p.
_ccm.
650 _a ARCHIVES
_9185755
650 _aLIBRARY SCIENCE
700 _a Wosh Peter J Ed.
_9615624
942 _h2;128:(X:51), Q1
_cTEXL
_2cc
999 _c996386
_d996386